00487 a2200169 450000100060000002000150000604000240002110000190004524000350006424500300009930000060012936200090013565000430014494200070018795201060019499900170030045794 a0316233374 cAnchieta - Aquarius aShriver, Maria10aWhat´s wrong with Timmy?lpor10aWhat´s wrong with Timmy? a 0 a2001 4aLiteratura infanto-juvenil em inglês cBK 00104070a87.1b87.1d2023-11-21l0o028.573 SHR WHAp3022/AQUr2023-11-21 15:12:02w2023-11-21yBK c45794d45794